<?xml version="1.0" encoding="UTF-8"?>
<record
    xmlns:xsi="http://www.w3.org/2001/XMLSchema-instance"
    xsi:schemaLocation="http://www.loc.gov/MARC21/slim http://www.loc.gov/standards/marcxml/schema/MARC21slim.xsd"
    xmlns="http://www.loc.gov/MARC21/slim">

  <leader>02426nam a22003257i 4500</leader>
  <controlfield tag="003">Do-SdINT</controlfield>
  <controlfield tag="005">20250520114212.0</controlfield>
  <controlfield tag="008">040225s2024    sp      s    |||| 0|spa d</controlfield>
  <datafield tag="020" ind1=" " ind2=" ">
    <subfield code="a">978-84-09-58509-0</subfield>
  </datafield>
  <datafield tag="040" ind1=" " ind2=" ">
    <subfield code="a">DO-SdINT</subfield>
    <subfield code="e">rda</subfield>
    <subfield code="b">spa</subfield>
    <subfield code="c">DO-SdINT</subfield>
  </datafield>
  <datafield tag="072" ind1=" " ind2=" ">
    <subfield code="a">CSH</subfield>
  </datafield>
  <datafield tag="245" ind1="1" ind2="0">
    <subfield code="a">Tecnolog&#xED;as digitales para la inclusi&#xF3;n :</subfield>
    <subfield code="b">aprendizajes en pandemia desde la voz de directores educativos en Am&#xE9;rica Latina : Red AGE : Red de Apoyo a la Gesti&#xF3;n Educativa /</subfield>
    <subfield code="c">Andrea Tejera Techara y Mariela Questa-Torterolo (coordinadoras)</subfield>
  </datafield>
  <datafield tag="264" ind1=" " ind2=" ">
    <subfield code="a">Barcelona, Espa&#xF1;a :</subfield>
    <subfield code="b">EDO : Universidad Aut&#xF3;noma de Barcelona : Editorial Latinoamericana,</subfield>
    <subfield code="c">2024</subfield>
  </datafield>
  <datafield tag="300" ind1=" " ind2=" ">
    <subfield code="a">1 recurso en l&#xED;nea (145 p&#xE1;ginas)</subfield>
  </datafield>
  <datafield tag="336" ind1=" " ind2=" ">
    <subfield code="a">texto</subfield>
    <subfield code="b">txt</subfield>
    <subfield code="2">rdacontent</subfield>
  </datafield>
  <datafield tag="337" ind1=" " ind2=" ">
    <subfield code="a">computadora</subfield>
    <subfield code="b">c</subfield>
    <subfield code="2">rdamedia</subfield>
  </datafield>
  <datafield tag="338" ind1=" " ind2=" ">
    <subfield code="a">recurso en l&#xED;nea</subfield>
    <subfield code="b">c</subfield>
    <subfield code="2">rdacarrier</subfield>
  </datafield>
  <datafield tag="347" ind1=" " ind2=" ">
    <subfield code="a">archivo de texto</subfield>
    <subfield code="b">PDF</subfield>
    <subfield code="2">rda</subfield>
  </datafield>
  <datafield tag="490" ind1=" " ind2=" ">
    <subfield code="a">Testimonios ;</subfield>
    <subfield code="v">1</subfield>
  </datafield>
  <datafield tag="505" ind1=" " ind2=" ">
    <subfield code="a">Introducci&#xF3;n 6 -- Cap&#xED;tulo 1. Tecnolog&#xED;as digitales para la inclusi&#xF3;n: aprendizaje en pandemia desde la voz de las directoras en el distrito federal, Brasil 10 -- Cap&#xED;tulo 2. Tecnolog&#xED;as digitales para la inclusi&#xF3;n: aprendizajes en pandemia desde la voz de los directores educativos en Chile 31 -- Cap&#xED;tulo 3. Tecnolog&#xED;as digitales para la inclusi&#xF3;n: aprendizajes en pandemia desde la voz de los directores en Tolima-Colombia 52 -- Cap&#xED;tulo 4. Tecnolog&#xED;as digitales para la inclusi&#xF3;n: aprendizajes en pandemia desde la voz de los directivos en M&#xE9;xico 72 -- Cap&#xED;tulo 5. Tecnolog&#xED;as digitales para la inclusi&#xF3;n: aprendizajes en pandemia desde la voz de los directores educativos en Uruguay 96 -- Cap&#xED;tulo 6. Tecnolog&#xED;as digitales para la inclusi&#xF3;n: aprendizajes en pandemia desde la voz de los directores educativos en Venezuela 121 -- Cap&#xED;tulo 7. Tecnolog&#xED;as digitales para la inclusi&#xF3;n: aprendizajes sobre los desaf&#xED;os de gestionar los emergentes y proyectar futuros 140</subfield>
  </datafield>
  <datafield tag="506" ind1="0" ind2=" ">
    <subfield code="a">Open Access</subfield>
  </datafield>
  <datafield tag="650" ind1=" " ind2="0">
    <subfield code="a">Aprendizaje en l&#xED;nea</subfield>
    <subfield code="9">39486</subfield>
  </datafield>
  <datafield tag="650" ind1=" " ind2="7">
    <subfield code="a">Educaci&#xF3;n inclusiva</subfield>
    <subfield code="9">32204</subfield>
  </datafield>
  <datafield tag="650" ind1=" " ind2="7">
    <subfield code="a">Administradores escolares</subfield>
    <subfield code="9">29255</subfield>
    <subfield code="z">Am&#xE9;rica Latina</subfield>
  </datafield>
  <datafield tag="650" ind1=" " ind2="0">
    <subfield code="a">COVID-19</subfield>
    <subfield code="9">101289</subfield>
  </datafield>
  <datafield tag="700" ind1=" " ind2=" ">
    <subfield code="a">Tejera Techara, Andrea </subfield>
    <subfield code="4">coord.</subfield>
    <subfield code="9">109414</subfield>
    <subfield code="e">coordinador</subfield>
  </datafield>
  <datafield tag="700" ind1=" " ind2=" ">
    <subfield code="a">Questa-Torterolo, Mariela </subfield>
    <subfield code="4">coord.</subfield>
    <subfield code="9">109415</subfield>
    <subfield code="e">coodinador</subfield>
  </datafield>
  <datafield tag="856" ind1=" " ind2=" ">
    <subfield code="y">Acceso a Texto Completo</subfield>
    <subfield code="u">https://opacbiblioteca.intec.edu.do/opac-tmpl/files/recursoselectronicos/SerieTestimonios_1-RedAGE.pdf</subfield>
  </datafield>
  <datafield tag="942" ind1=" " ind2=" ">
    <subfield code="c">E-BOOK</subfield>
    <subfield code="2">ddc</subfield>
  </datafield>
  <datafield tag="999" ind1=" " ind2=" ">
    <subfield code="c">13442</subfield>
    <subfield code="d">13442</subfield>
  </datafield>
  <datafield tag="952" ind1=" " ind2=" ">
    <subfield code="0">0</subfield>
    <subfield code="1">0</subfield>
    <subfield code="2">ddc</subfield>
    <subfield code="4">0</subfield>
    <subfield code="7">0</subfield>
    <subfield code="a">IDEICE</subfield>
    <subfield code="b">IDEICE</subfield>
    <subfield code="d">2025-05-20</subfield>
    <subfield code="l">0</subfield>
    <subfield code="r">2025-05-20 11:42:04</subfield>
    <subfield code="u">https://opacbiblioteca.intec.edu.do/opac-tmpl/files/recursoselectronicos/SerieTestimonios_1-RedAGE.pdf</subfield>
    <subfield code="w">2025-05-20</subfield>
    <subfield code="y">LIB</subfield>
  </datafield>
</record>
